000 00829nas a22002297a 4500
005 20260514170139.0
008 260514b19721983pormr|p| ||||l00| z por d
040 _cBR-ViAPE
245 _aEspírito Santo Agora
260 _aVitória
_bEdgard dos Anjos Editores
_c1972-1983
300 _av.
_bil.
310 _aMensal
362 _a n. 0 (1972) - ano XII, n. 76 (fev. 1983).
500 _aDisponibilizada apenas a imagem da capa na versão digital, em virtude de restrições de direitos autorais.
500 _aColeção incompleta: disponíveis apenas alguns números do periódico.
650 _2Política
_xCultura
_xEducação
_zEspírito Santo
651 _aEspírito Santo (Brasil)
_vPeriódicos
700 _aAnjos, Edgar dos
_eDiretor
710 _aEdgard dos Anjos Editores
942 _2ddc
_cPER
_n1
999 _c676
_d676